| 000 | 00723nam a22002057a 4500 | ||
|---|---|---|---|
| 003 | OSt | ||
| 005 | 20160407123602.0 | ||
| 008 | 160317b xxu||||| |||| 00| 0 eng d | ||
| 020 | _a1441128881 | ||
| 040 |
_aKABU _cKABU |
||
| 050 |
_aMT1 _b.O75 2011 |
||
| 245 |
_aThe Origins and Foundation of Music Education _bCross-cuultural Historical Studies of Music in Compulsory Schooling _cedited by Gordon Cox and Robin Stevens |
||
| 260 |
_aBritain _bRobin Stevens and Contributors _c2011 |
||
| 300 | _axiv,242p. | ||
| 610 |
_aMusic _xInstrction and study |
||
| 610 |
_aMusic _xInstruction and Study |
||
| 700 | _aCox, Gordon | ||
| 700 | _aStevens, Robin | ||
| 942 |
_2lcc _cBK _hMT1 .O75 2001 C.1 |
||
| 999 |
_c15835 _d15835 |
||